000 00912nam a22002177a 4500
005 20111115115151.0
008 111115s1954 ua|||||| ||| 00| 0ara dd
082 _222
_a252
_bن ج د
100 _927746
_aالنجدي، عبدالعزيز بن راشد
245 _aتيسير الوحيين بالاقتصار على القرآن مع الصحيحين /
_cتاليف عبد العزيز راشد.‏
250 _aط. 2.
260 _a[القاهرة] :
_bمطبعة السنة المحمدية،
_c1954.
300 _a280 ص. ؛
_c24 سم.
650 _927998
_aالعبادات (فقه إسلامي)
650 _927999
_aالحج
650 _928000
_aالزكاة
650 _928001
_aالطهارة
653 _cNovember2011
_bGeneral
942 _2ddc
_cBB
999 _c16209
_d16209